00666nam a2200217Ia 450000500170000000800410001702000150005808200220007324500720009526000430016730000160021065000140022665000120024065000180025265000100027070000240028070000250030494200060032995200980033599900150043320250325062919.0240331s9999 xx 000 0 und d a0816621705 a302.23bRUT22072 0aRuthless Criticism:bNew Perspectives in U.S. Communication History aLondon,bUniversity of Minnesotac1993 aix, 389 p., aCriticism aHistory aCommunication aMedia a Solomon, W. Seedt aMcChesney, R. Weedt cL 001040708LaWERCLbWERCLcSSCd2024-03-31l0o 302.23 RUTp2072r2024-03-31w2024-03-31yL c1138d1138